Epidemiology of upper extremity soccer injuries among high school- and college-aged players in the United States: An analysis of the 1999-2016 NEISS database

Saved in:  
Bibliographic Details
Authors: Durand, Wesley M. (Author) ; Owens, Brett D. 1972- (Author) ; Etzel, Christine (Author) ; Giglio, Patricia (Author) ; Goodman, Avi D. (Author)
Format: Electronic Article
Language:English
Published: 2018
In: Sports health
Year: 2018, Volume: 10, Issue: 6, Pages: 552-557
Online Access: Volltext (kostenfrei)
Volltext (lizenzpflichtig)
Check availability: HBZ Gateway

MARC

LEADER 00000caa a22000002c 4500
001 1912538350
003 DE-627
005 20250114054954.0
007 cr uuu---uuuuu
008 241217s2018 xx |||||o 00| ||eng c
024 7 |a 10.1177/1941738118795483  |2 doi 
035 |a (DE-627)1912538350 
035 |a (DE-599)KXP1912538350 
040 |a DE-627  |b ger  |c DE-627  |e rda 
041 |a eng 
084 |a 2,1  |2 ssgn 
100 1 |a Durand, Wesley M.  |e VerfasserIn  |4 aut 
245 1 0 |a Epidemiology of upper extremity soccer injuries among high school- and college-aged players in the United States: An analysis of the 1999-2016 NEISS database 
264 1 |c 2018 
336 |a Text  |b txt  |2 rdacontent 
337 |a Computermedien  |b c  |2 rdamedia 
338 |a Online-Ressource  |b cr  |2 rdacarrier 
700 1 |a Owens, Brett D.  |d 1972-  |e VerfasserIn  |0 (DE-588)1013988523  |0 (DE-627)705148726  |0 (DE-576)34810443X  |4 aut 
700 1 |a Etzel, Christine  |e VerfasserIn  |4 aut 
700 1 |a Giglio, Patricia  |e VerfasserIn  |4 aut 
700 1 |a Goodman, Avi D.  |e VerfasserIn  |4 aut 
773 0 8 |i Enthalten in  |t Sports health  |d Thousand Oaks, Calif. : Sage, 2009  |g 10(2018), 6, Seite 552-557  |h Online-Ressource  |w (DE-627)590280139  |w (DE-600)2474978-3  |w (DE-576)305897454  |x 1941-0921  |7 nnas 
773 1 8 |g volume:10  |g year:2018  |g number:6  |g pages:552-557 
787 0 8 |i Forschungsdaten  |a United States Department of Health and Human Services. Centers for Disease Control and Prevention. National Center for Injury Prevention and Control  |t National Electronic Injury Surveillance System All Injury Program, 2015  |d [Erscheinungsort nicht ermittelbar] : [Verlag nicht ermittelbar], 2019  |w (DE-627)1840040777 
787 0 8 |i Forschungsdaten  |a United States Department of Health and Human Services. Centers for Disease Control and Prevention. National Center for Injury Prevention and Control  |t National Electronic Injury Surveillance System All Injury Program, 2016  |d [Erscheinungsort nicht ermittelbar] : [Verlag nicht ermittelbar], 2020  |w (DE-627)1840039027 
787 0 8 |i Forschungsdaten  |a United States Department of Health and Human Services. Centers for Disease Control and Prevention. National Center for Injury Prevention and Control  |t National Electronic Injury Surveillance System - All Injury Program, (United States), 2014  |d [Erscheinungsort nicht ermittelbar] : [Verlag nicht ermittelbar], 2018  |w (DE-627)1840041587 
787 0 8 |i Forschungsdaten  |a United States Department of Health and Human Services. Centers for Disease Control and Prevention. National Center for Injury Prevention and Control  |t National Electronic Injury Surveillance System All Injury Program, 2011  |d [Erscheinungsort nicht ermittelbar] : [Verlag nicht ermittelbar], 2014  |w (DE-627)1840046554 
787 0 8 |i Forschungsdaten  |a United States Department of Health and Human Services. Centers for Disease Control and Prevention. National Center for Injury Prevention and Control  |t National Electronic Injury Surveillance System All Injury Program, 2010  |d [Erscheinungsort nicht ermittelbar] : [Verlag nicht ermittelbar], 2013  |w (DE-627)1840048239 
787 0 8 |i Forschungsdaten  |a United States Department of Health and Human Services. Centers for Disease Control and Prevention. National Center for Injury Prevention and Control  |t National Electronic Injury Surveillance System All Injury Program, 2009  |d [Erscheinungsort nicht ermittelbar] : [Verlag nicht ermittelbar], 2013  |w (DE-627)1840048255 
787 0 8 |i Forschungsdaten  |a United States Department of Health and Human Services. Centers for Disease Control and Prevention. National Center for Injury Prevention and Control  |t National Electronic Injury Surveillance System All Injury Program, 2008  |d [Erscheinungsort nicht ermittelbar] : [Verlag nicht ermittelbar], 2011  |w (DE-627)1840050098 
787 0 8 |i Forschungsdaten  |a United States Department of Health and Human Services. Centers for Disease Control and Prevention. National Center for Injury Prevention and Control  |t National Electronic Injury Surveillance System All Injury Program, 2007  |d [Erscheinungsort nicht ermittelbar] : [Verlag nicht ermittelbar], 2010  |w (DE-627)1840054077 
787 0 8 |i Forschungsdaten  |a United States Department of Health and Human Services. Centers for Disease Control and Prevention. National Center for Injury Prevention and Control  |t National Electronic Injury Surveillance System All Injury Program, 2006  |d [Erscheinungsort nicht ermittelbar] : [Verlag nicht ermittelbar], 2009  |w (DE-627)184005526X 
787 0 8 |i Forschungsdaten  |a United States Department of Health and Human Services. Centers for Disease Control and Prevention. National Center for Injury Prevention and Control  |t National Electronic Injury Surveillance System All Injury Program, 2005  |d [Erscheinungsort nicht ermittelbar] : [Verlag nicht ermittelbar], 2007  |w (DE-627)1840056789 
787 0 8 |i Forschungsdaten  |a United States Department of Health and Human Services. Centers for Disease Control and Prevention. National Center for Injury Prevention and Control  |t National Electronic Injury Surveillance System All Injury Program, 2004  |d [Erscheinungsort nicht ermittelbar] : [Verlag nicht ermittelbar], 2006  |w (DE-627)1840058331 
787 0 8 |i Forschungsdaten  |a United States Department of Health and Human Services. Centers for Disease Control and Prevention. National Center for Injury Prevention and Control  |t National Electronic Injury Surveillance System All Injury Program, 2003  |d [Erscheinungsort nicht ermittelbar] : [Verlag nicht ermittelbar], 2005  |w (DE-627)1840063645 
787 0 8 |i Forschungsdaten  |a United States Department of Health and Human Services. Centers for Disease Control and Prevention. National Center for Injury Prevention and Control  |t National Electronic Injury Surveillance System All Injury Program, 2002  |d [Erscheinungsort nicht ermittelbar] : [Verlag nicht ermittelbar], 2004  |w (DE-627)1840066520 
787 0 8 |i Forschungsdaten  |a United States Department of Health and Human Services. Centers for Disease Control and Prevention. National Center for Injury Prevention and Control  |t National Electronic Injury Surveillance System All Injury Program, 2001  |d [Erscheinungsort nicht ermittelbar] : [Verlag nicht ermittelbar], 2003  |w (DE-627)184006661X 
787 0 8 |i Forschungsdaten  |a United States Department of Health and Human Services. Centers for Disease Control and Prevention. National Center for Injury Prevention and Control  |t National Electronic Injury Surveillance System All Injury Program, 2000  |d [Erscheinungsort nicht ermittelbar] : [Verlag nicht ermittelbar], 2003  |w (DE-627)1840064846 
856 |u https://journals.sagepub.com/doi/pdf/10.1177/1941738118795483  |x unpaywall  |z Vermutlich kostenfreier Zugang  |h publisher [deprecated] 
856 4 0 |u https://doi.org/10.1177/1941738118795483  |x Resolving-System  |z kostenfrei  |3 Volltext  |7 0 
856 4 0 |u https://www.ncbi.nlm.nih.gov/pubmed/30183572  |x Verlag  |z lizenzpflichtig  |3 Volltext  |7 1 
935 |a mkri 
951 |a AR 
ELC |a 1 
LOK |0 000 xxxxxcx a22 zn 4500 
LOK |0 001 463750385X 
LOK |0 003 DE-627 
LOK |0 004 1912538350 
LOK |0 005 20241217044419 
LOK |0 008 241217||||||||||||||||ger||||||| 
LOK |0 035   |a (DE-2619)ICPSR131968 
LOK |0 040   |a DE-2619  |c DE-627  |d DE-2619 
LOK |0 092   |o n 
LOK |0 852   |a DE-2619 
LOK |0 852 1  |9 00 
LOK |0 935   |a nacp 
LOK |0 939   |a 17-12-24  |b l01 
OAS |a 1 
ORI |a SA-MARC-krimdoka001.raw